| 000 | 00609nam a22002057a 4500 | ||
|---|---|---|---|
| 999 |
_c167709 _d167709 |
||
| 005 | 20190917134220.0 | ||
| 010 | _aB-228675 | ||
| 020 | _cRs.75:00 | ||
| 035 | _aB-228675 | ||
| 037 | _bChronicle books | ||
| 082 |
_a954.01 _bCOM |
||
| 100 | _aOjha,N.N. | ||
| 245 |
_aComprehensive history:Part -1/ _cN.N.Ojha _hEnglish |
||
| 260 |
_aNoida(U.P) _bChronicle books _c2008 |
||
| 270 | _aA-26,Sector-2,Noida (U.P) | ||
| 300 |
_aviii,230p. _c22cm.(pbk) |
||
| 650 | _aHISTORY | ||
| 942 |
_2ddc _cEN _h954.01 _mCOM |
||